| 000 | 00589nam a2200193Ia 4500 | ||
|---|---|---|---|
| 005 | 20250425162758.0 | ||
| 008 | 250425s9999 xx 000 0 und d | ||
| 041 | _aspa | ||
| 082 | _a036 | ||
| 100 | _aJACKSON, W. M. | ||
| 245 | 0 | _aENCICLOPEDIA PRACTICA JACKSON: DECORACION DE INTERIORES, DERECHO PRIVADO, DERECHO PUBLICO, DIBUJO DE FIGURA, DIBUJO LINEAL, DIETETICA Y ALIMENTACION, ECONOMIA POLITICA, FOTOGRAFIA | |
| 250 | _a11A ED. | ||
| 260 | _aMEXICO | ||
| 260 |
_aMéxico _bW.M. JACKSON _c1970 |
||
| 300 | _a442 | ||
| 650 | _aENCICLOPEDIAS | ||
| 942 | _c01 | ||
| 010 | _a108257 | ||
| 999 |
_c236260 _d236260 |
||